01838cam a22002774a 4500001000800000005001700008008004100025010001700066016002200083020001500105035001700120035002400137040002300161042000800184082001600192100002000208245008600228260005400314300004100368500013600409504005400545505083900599600003401438650005001472710003801522340911020220326193318.0021122s2002 gw a bc 000 0 ger  a 20034436347 a96515369X2GyFmDB a393309688X a(NNC)3409110 a(OCoLC)ocm51061465  aDLCcDLCdOHXdCUY apcc00a708bA727ar0 aArmando,d1929-10aArmando /cNeues Museum, Staatliches Museum für Kunst und Design in Nürnberg. aNürnberg :bVerlag für moderne Kunst,cc2002. a192 p. :bill. (some col.) ;c29 cm. aCatalog of an exhibition held at the Neues Museum, Staatliches Museum für Kunst und Design in Nürnberg, Sept. 20-Nov. 17, 2002. aIncludes bibliographical references (p. 180-190). tVorworttEin grober schander MannrLucius GrisebachtUber ArmandorRudi FuchstArmando und die romantische traditionrFranck GriblingtDie Quellen rLibuse Brozkova-DolezalovatTexte von armando uber kunst rDie parabel vom Meer und der Knopfdose uber die Schonheit tWerke der Ausstellung tDie Hand als schuldiger Pars pro toto. Thematik und sprache von armandos literarischem rTrudie FavietDer Krieg als Maskerade: Armandos strabe und GesrupprRolf WolfswinkeltIch Nenne es Schuldige Landschaft rArmando in einem interview mit Wam de moor tTexte von Armando rFetzen 152, Herbst 154, Kleine Vorkommnisse 156, Tiergesprache : der hase, Der Kranich, Die Maus 159 tArmando, Cherry Duyns und Mark Smeets rHerrenleid tEine Rede rCherry duyns tArmando als Musiker - Einige Erinnerungen rMartijn Sanders tBiografie tAnhang 00aArmando,d1929-vExhibitions. aModern artzNeues Museum (Nuremberg, Germany)2 aNeues Museum (Nuremberg, Germany)